Social Psychology in Everyday Life : Selected Reeading /

Gardado en:
Detalles Bibliográficos
Autor Principal: Swingle, Paul G. (ed.)
Formato: Libro
Idioma:inglés
Publicado: Harmondsworth, Inglaterra : Penguin, 1973, c1973
Series:(Psychology and Psychiatry)
Temas:
Etiquetas: Engadir etiqueta
Sen Etiquetas, Sexa o primeiro en etiquetar este rexistro!

MARC

LEADER 00000nam^a2200000^a^4500
001 000332458
005 20250521000000.0
009 20260310114103.916
037 |a Acervo Xavier Clavigero 
041 |a ING 
082 |a 302.  |b SWI 
100 |a Swingle, Paul G.  |e (ed.) 
245 1 0 |a Social Psychology in Everyday Life :  |b Selected Reeading /  |c P.G. Swingle. 
264 4 |a Harmondsworth, Inglaterra :  |b Penguin,  |c 1973, c1973 
300 |a VII, 335 p. 
336 |a texto  |b txt  |2 rdacontenido 
337 |a sin mediación  |b n  |2 rdamedio 
338 |a volumen  |b nc  |2 rdasoporte 
440 1 |a (Psychology and Psychiatry) 
649 |a XX 
650 |a Comunicación Personal 
650 |a Discriminación 
650 |a Prejuicio 
650 |a Influencia Social 
650 |a Rumor Público 
650 |a Conformismo 
650 |a Cambio de Actitud 
650 |a Participación Social 
650 |a Conducta Grupal 
650 |a Comportamiento Social 
650 |a Psicología Social -  |x Tema Principal 
910 |a Fondo General 
920 |a Impresos - Libros 
930 |a Colección General 
905 |a 101 
901 |a 0500222190  |b IT1  |c ACC  |u 20250521 
902 |a https://opac.biblio.iteso.mx/vufind/Record/000332458